Normal view
MARC view
- El-Ansary, Adel L.
Entry Personal Name
001 - CONTROL NUMBER
- control field: 6664
003 - CONTROL NUMBER IDENTIFIER
- control field: OSt
005 - DATE AND TIME OF LATEST TRANSACTION
- control field: 20170522095023.0
008 - FIXED-LENGTH DATA ELEMENTS
- fixed length control field: 170522|| aca||aabn | a|a d
040 ## - CATALOGING SOURCE
- Original cataloging agency: OSt
- Transcribing agency: OSt
100 ## - HEADING--PERSONAL NAME
- Personal name: El-Ansary, Adel L.
670 ## - SOURCE DATA FOUND
- Source citation: Work cat.: (OSt)0: Shirley, Robert C. 6661, Strategy and policy formation :, 1981

PORTAL AKMAL
E-MEL JKDM
AKMAL2U
G-BAM
u-PUSTAKA